000 01694cam a2200289 4500500
005 20260322004237.0
041 _afre
042 _adc
100 1 0 _aCormont, Olivier
_eauthor
245 0 0 _aCette page n’existe pas ! Fiction dystopique sur le devenir des documentalistes en travail social
260 _c2026.
500 _a70
520 _aThis speculative fiction explores the evolution of the information specialist profession within a context of extreme rationalization of social work. Through the daily life of a professional immersed in an automated knowledge management system, the text examines the potential pitfalls of standardized and dehumanized documentation, as well as the tensions between conformity, memory, and mediation.
520 _aCette fiction d’anticipation explore l’évolution du métier de documentaliste dans un contexte de rationalisation extrême du travail social. À travers le quotidien d’un professionnel immergé dans un système automatisé de gestion des savoirs, le texte interroge les dérives possibles d’une documentation normalisée et déshumanisée, ainsi que les tensions entre conformité, mémoire et médiation.
690 _adocumentation
690 _aintelligence artificielle
690 _amédiation
690 _anormalisation des savoirs
690 _atravail social
690 _aartificial intelligence
690 _adocumentation
690 _amediation
690 _asocial work
690 _astandardization of knowledge
786 0 _nSociographe | 93 | 1 | 2026-02-27 | p. 15-19 | 1297-6628
856 4 1 _uhttps://shs.cairn.info/revue-sociographe-2026-1-page-15?lang=fr&redirect-ssocas=7080
999 _c1738718
_d1738718